| 000 | 01153nam a22002537a 4500 | ||
|---|---|---|---|
| 005 | 20110615101418.0 | ||
| 008 | 110615t xxu||||| |||| 00| 0 mar d | ||
| 010 | _aMAR--20939 | ||
| 020 | _c90.00 | ||
| 035 | _aMR-13597 | ||
| 037 | _bDBAD / PUB | ||
| 040 |
_aDPL _bMR |
||
| 082 | _a891.461 | ||
| 100 |
_aलोकरे,उत्तम _928602 |
||
| 245 |
_aव्हावं लगे नवं नवं / _cउत्तम लोकरे |
||
| 246 |
_aVhawa Lage Nawa Nawa _bby Uttam Lokare |
||
| 260 |
_aपरभणी _bपवन प्रकाशन _c2009 |
||
| 270 |
_a' तारांगण ',परताणी हॉस्पिटिल समोर,बसस्थानक परिसर _bपरभणी _e431401 |
||
| 300 |
_a96पृ. _c21सेमी(अजिल्द) |
||
| 650 |
_aमराठी कवितासंग्रह _928609 |
||
| 650 |
_aMarathi Poetry _928610 |
||
| 942 |
_2ddc _cMR _h891.461 _mलोकरे |
||
| 999 |
_c52916 _d52916 |
||